| 000 | 00767nam a2200229 a 4500 | ||
|---|---|---|---|
| 001 | 9312 | ||
| 003 | BD-RjUL | ||
| 005 | 20211208234745.0 | ||
| 008 | 140120s1953 nyu b 001 0 eng d | ||
| 035 | _a(BD-RjUL)9357 | ||
| 040 |
_aBD-RjUL _beng _cBD-RjUL _dBD-RjUL |
||
| 041 | _aeng | ||
| 082 |
_2539.7 _bRAN |
||
| 100 | 1 |
_aRamsey, Norman, _d1915-2011. _928887 |
|
| 245 | 1 | 0 |
_aNuclear moments / _cby Norman F. Ramsey |
| 260 |
_aNew York ; London : _bJohn Wiley & Sons, Inc ; Chapman & Hall, _c1953. |
||
| 300 |
_ax, 169 p. : _bill. ; _c24 cm. |
||
| 500 | _aReprinted in part from Segre (Editor), Èxperimental Nuclear Physics', Vol. I | ||
| 504 | _aIncludes bibliographical references (p. 142-159) and indexes. | ||
| 650 | 0 |
_aNuclear moments. _928133 |
|
| 942 |
_2ddc _cBK |
||
| 999 |
_c9312 _d9312 |
||